000 00759nam a2200253 a 4500
001 000024240
003 DO-SdBNP
005 20240530073919.0
007 ta
008 110125s2010 dr r 001 f spa d
020 _a9789945460926
040 _aDO-SdBNP
_bspa
_cBNPHU
082 4 _aRD863.44
_bM632p
_222
100 1 _aMieses, Juan Carlos,
_d1947-
_925472
245 1 4 _aLas palomas de la guerra /
_cJuan Carlos Mieses.
260 _aSanto Domingo :
_bSantuario,
_c2010
300 _a135 p. ;
_c22 cm.
500 _aIncluye datos biográficos del autor en las solapas
590 _aInventariado, 2020/BT
650 0 _aNovela dominicana
_9223
650 0 _aLiteratura dominicana.
_967
910 _aValidado. Control de calidad EMS
942 _2ddc
_cLBS1
999 _c23734
_d23734